000 00769nam a2200253 i 4500
001 000029423
003 DO-SdBNP
005 20260520110714.0
007 ta
008 250113s1986 dr a 000 0 spa d
040 _aDO-SdBNP
_bspa
_cBNPHU
_erda
041 _hspa
082 4 _axxx
_bxxx
_222
100 1 _aHernández, Ángela,
_d1954-
_eautor
_4aut.
_92564
245 1 4 _aLos fantasmas prefieren la luz del día /
_cAngela Hernández ; corrección, Rafael González Tirado
264 4 _aSanto Domingo :
_bEditorial Alas,
_c©1986.
300 _a19 páginas ;
_c22 cm.
336 _atexto
_btxt
_2rdacontent
337 _asin mediación
_bn
_2rdamedia
338 _avolumen
_bnc
_2rdacarrier
590 _aInventariado, 2025 / DG
910 _aDG
942 _2ddc
_cLF2
999 _c58034
_d58034